000
00359nam a2200133Ia 4500
008
151001s9999||||xx |||||||||||||| ||und||
100
_a
इरेश स्वामी
245
_a
विठोबा
250
_a
1
260
_b
सुविद्या प्रकाशन पुणे
260
_c
2004
300
_a
100
365
_b
21
999
_c
987957
_d
987954